Normal view
MARC view
Entry Geographic Name
001 - CONTROL NUMBER
- control field: 5154
003 - CONTROL NUMBER IDENTIFIER
- control field: ARRUPE
005 - DATE AND TIME OF LATEST TRANSACTION
- control field: 20131204142946.0
008 - FIXED-LENGTH DATA ELEMENTS
- fixed length control field: 131204|| aca||aabn | a|a d
040 ## - CATALOGING SOURCE
- Original cataloging agency: ARRUPE
- Transcribing agency: ARRUPE
151 ## - HEADING--GEOGRAPHIC NAME
- Geographic name: China
- Form subdivision: Pictorial works.
670 ## - SOURCE DATA FOUND
- Source citation: Work cat.: (ARRUPE)0: Beaton, Cecil, 1904-1980. 5153, Chinese album, [1946]